Central Library OPAC University of Rajshahi

Rabindranath Tagore : (Record no. 22916)

MARC details
000 -LEADER
fixed length control field 00767cam a2200241 4500
001 - CONTROL NUMBER
control field 22916
003 - CONTROL NUMBER IDENTIFIER
rucl marc code BD-RjUL
005 - DATE AND TIME OF LATEST TRANSACTION
control field 20211209000854.0
008 - FIXED-LENGTH DATA ELEMENTS--GENERAL INFORMATION
fixed length control field 140309s1960 ii ac b 001 0beng d
035 ## - SYSTEM CONTROL NUMBER
System control number (BD-RjUL)22981
040 ## - CATALOGING SOURCE
Original cataloging agency BD-RjUL
Language of cataloging eng
Transcribing agency BD-RjUL
Modifying agency BD-RjUL
041 ## - LANGUAGE CODE
Language code of text/sound track or separate title eng
082 ## - DEWEY DECIMAL CLASSIFICATION NUMBER
Classification number 891.4
Author mark and year THR 1960
100 1# - MAIN ENTRY--PERSONAL NAME
Personal name Thompson, Edward John,
Dates associated with a name 1886-1946.
9 (RLIN) 67439
245 10 - TITLE STATEMENT
Title Rabindranath Tagore :
Remainder of title his life and work /
Statement of responsibility, etc. by E. J. Thompson
260 ## - PUBLICATION, DISTRIBUTION, ETC. (IMPRINT)
Place of publication, distribution, etc. Calcutta :
Name of publisher, distributor, etc. Association Press,
Date of publication, distribution, etc. 1960.
300 ## - PHYSICAL DESCRIPTION
Pagination xiv, 96 p. :
Illustrations ill. ;
Size 24 cm
490 ## - SERIES STATEMENT
Series statement the heritage of india series.
504 ## - BIBLIOGRAPHY, ETC. NOTE
Bibliography, etc Includes bibliographical references
600 10 - SUBJECT ADDED ENTRY--PERSONAL NAME
Personal name Tagore, Rabindranath,
Dates associated with a name 1861-1941.
830 #0 - SERIES ADDED ENTRY--UNIFORM TITLE
Uniform title Heritage of India series.
942 ## - ADDED ENTRY ELEMENTS (KOHA)
Source of classification or shelving scheme Dewey Decimal Classification
Koha item type Books
Holdings
Lost status Source of classification or shelving scheme Damaged status Not for loan Collection code Permanent Location Current Location Shelving location Date acquired Source of acquisition Cost, normal purchase price Total Checkouts Full call number Date last seen Copy number Koha item type
  Dewey Decimal Classification   Added to bundle Fiction Central Library, University of Rajshahi Central Library, University of Rajshahi Reading Room 05/06/1965 Orinental 2.00   891.4 THR 1960 09/03/2014 C-1 Books